000 nam a22 a 4500
999 _c1504
_d1504
003 AKMAL
005 20170509163358.0
008 170509s1996 si eng d
020 _a1857881443
040 _aAKMAL
082 0 4 _a306.0973 NAI
090 _a306.0973
_bNAI
100 1 _aNaisbitt, John
_92996
245 1 _aMegatrends Asia
_cJohn Naisbitt ; producer, Susan Ferroa
260 _aSingapore :
_bTelevision Corporation of Singapore,
_c1996
300 _a1 video cassette (35mins.) :
_bsd., col. ;
_c1/2in.
500 _aColour recording system: PAL
508 _aCredits: Narrator, Duncan Watt; Scriptswriters, Susan Ferroa and Vslerie Tay; Video editor, Khoo Cheng Teng
520 _aSummary: John Naisbitt shares his impressions of the economic power of Asia and identified 8 Asian megatrends that are reskeping the world
650 _aEconomic forecasting
_zAsia
_92997
651 _aAsia
_xEconomic conditions
_y1945-
_92998
700 1 _aFerroa, Susan
_92999
710 2 _aTelevision Corporation of Singapore
_93000
942 _2ddc
_cBOOK